Alcamo's fundamentals of microbiology / (Record no. 2708)

MARC details
000 -LEADER
fixed length control field 02144nac a22003011u 4500
010 ## -
-- 2006010788
020 ## - INTERNATIONAL STANDARD BOOK NUMBER
International Standard Book Number 9780763737627 (alk. paper)
035 ## - SYSTEM CONTROL NUMBER
System control number (DNLM)101272875
082 00 - DEWEY DECIMAL CLASSIFICATION NUMBER
Classification number 579
Item number P787
090 ## - LOCALLY ASSIGNED LC-TYPE CALL NUMBER (OCLC); LOCAL CALL NUMBER (OCLC)
-- 2708
-- 2708
100 ## - MAIN ENTRY--PERSONAL NAME
Personal name Pommerville, Jeffrey C
245 10 - TITLE STATEMENT
Title Alcamo's fundamentals of microbiology /
Statement of responsibility, etc Jeffrey C. Pommerville.
246 30 - VARYING FORM OF TITLE
Title proper/short title Fundamentals of microbiology
250 ## - EDITION STATEMENT
Edition statement 8th ed.
260 ## -
-- Sudbury, Mass. :
-- Jones and Bartlett Publishers,2007.
300 ## - PHYSICAL DESCRIPTION
Extent 1v.(various pagings) :
Dimensions Col. ill. ;
Other physical details 28 cm.
336 ## - CONTENT TYPE
Source rdacontent
Content type term text
Content type code txt
337 ## - MEDIA TYPE
Media type term unmediated
Source rdamedia
Media type code n
338 ## - CARRIER TYPE
Carrier type term volume
Carrier type code nc
Source rdacarrier
504 ## - BIBLIOGRAPHY, ETC. NOTE
Bibliography, etc Includes bibliographical references and index.
505 0# - FORMATTED CONTENTS NOTE
Formatted contents note Microbiology: then and now -- The chemical building blocks of life -- Basic concepts of microbiology -- Prokaryotic structure -- Prokaryotic growth and metabolism -- Control of prokaryotic growth -- Prokaryotic genetics and genomics -- Gene transfer, genetic engineering, and genomics -- Airborne bacterial diseases -- Foodborne and waterborne bacterial diseases -- Soilborne and arthropodborne bacterial diseases -- Sexually transmitted, contact, and miscellaneous bacterial diseases -- Viruses and eukaryotic microorganisms -- Viral infections of the respiratory tract and skin -- Viral infections of the blood and the lymphatic system, and gastrointestinal and nervous systems -- Eukaryotic microorganisms: the fungi -- Eukaryotic microorganisms: the parasites -- Infection and disease -- Resistance and the immune system: innate immunity -- Resistance and the immune system: acquired immunity -- Immunity and serology -- Immune disorders -- Physical and chemical control of microorganisms -- Chemotherapeutic agents and antibiotics -- Microbiology of foods -- Environmental microbiology -- Industrial microbiology and biotechnology.
650 #0 - SUBJECT ADDED ENTRY--TOPICAL TERM
Topical term or geographic name as entry element Microbiology.
650 #0 - SUBJECT ADDED ENTRY--TOPICAL TERM
Topical term or geographic name as entry element Medical microbiology.
650 #0 - SUBJECT ADDED ENTRY--TOPICAL TERM
Topical term or geographic name as entry element Microbiology.
700 1# - ADDED ENTRY--PERSONAL NAME
Personal name Alcamo, I. Edward.
856 41 - ELECTRONIC LOCATION AND ACCESS
Materials specified Table of contents only
Uniform Resource Identifier <a href="http://www.loc.gov/catdir/toc/ecip0611/2006010788.html">http://www.loc.gov/catdir/toc/ecip0611/2006010788.html</a>
942 ## - ADDED ENTRY ELEMENTS (KOHA)
Koha item type Book - Borrowing
Call number prefix 579 P787
Classification part RDA-MOD
Holdings
Withdrawn status Lost status Source of classification or shelving scheme Damaged status Not for loan Home library Current library Shelving location Date acquired Source of acquisition Cost, normal purchase price Total Checkouts Total Renewals Full call number Barcode Date last seen Date checked out Cost, replacement price Koha item type
    Dewey Decimal Classification     Central Library Central Library First floor 01/03/2007 Purchase 720.00 5 9 579 POM 000001399 15/07/2025 17/10/2024 900.00 Book - Borrowing